000 01845nam a22002777a 4500
003 SISC
005 20170921110401.0
008 170921b xxu||||| |||| 00| 0 eng d
020 _a9781107682269
050 _aQA 273
_b.M384 2016
245 _aMathematics higher level topic 7 - option :
_bstatistics and probability for the IB diploma /
_cPaul Fannon [and 3 others]
260 _aCambridge :
_bCambridge University Press,
_cc2013, 2016 printing.
300 _aviii, 164 pages :
_billustrations (some color) ;
_c30 cm.
440 _aMathematics higher level for the IB diploma
504 _aIncludes index.
520 _aThis title forms part of the completely new Mathematics for the IB Diploma series. This highly illustrated book covers topic 7 of the IB Diploma Higher Level Mathematics syllabus, the optional topic Statistics and Probability. It is also for use with the further mathematics course. Based on the new group 5 aims, the progressive approach encourages cumulative learning. Features include: a dedicated chapter exclusively for mixed examination practice; plenty of worked examples; questions color-coded according to grade; exam-style questions; feature boxes throughout of exam hints and tips and calculator skills sheets to support students in using their Casio or Texas calculators. (Source: WorldCat)
650 _2Library of Congress Subject Headings
_aMathematical statistics
_xExaminations, questions,etc.
_vStudy guides
650 _2Library of Congress Subject Headings
_aProbabilities
_xExaminations, questions, etc.
_vStudy guides
650 _2Library of Congress Subject Headings
_aMathematical statistics
_xStudy and teaching (Higher)
700 _aFannon, Paul
700 _aKadelburg, Vesna
700 _aWoolley, Ben
700 _aWard, Stephen
942 _2lcc
_cBK
999 _c344403
_d344403